long story short - Taylor Swift (All Lyrics) - Statistics

General Stats
  • This quiz has been taken 166 times
  • The average score is 353 of 406
Answer Stats
Lyrics % Correct
I
100%
a
99%
it
99%
Long
99%
short,
99%
story
99%
the
98%
The
98%
time
98%
time,
98%
to
98%
was
98%
bad
96%
me
96%
my
96%
down
95%
you
95%
you,
95%
If
94%
if
94%
I'm
94%
in
94%
No
94%
Now
94%
now)
94%
about
93%
all
93%
And
93%
and
93%
(And
93%
fell
93%
from
93%
he
93%
hole
93%
rabbit
93%
right
91%
Right
91%
wrong
91%
Yeah,
91%
yeah
91%
'til
90%
your
90%
Your
90%
guy
89%
survived
89%
go
88%
on
88%
battle
86%
Ever
86%
pick
86%
battles
85%
just
85%
nearest
85%
of
85%
picked
85%
shoe
85%
walk
85%
war
85%
fits,
84%
high
84%
more
84%
more)
84%
pedestal
84%
break
83%
heels
83%
keep
83%
(Keep
83%
there's
83%
tried
83%
by
81%
keepin'
81%
Like
81%
like
81%
score
81%
not
80%
this
80%
ah
79%
evermore
79%
know
79%
(Know
79%
get
78%
sleep
78%
things
78%
warm
78%
warm)
78%
we
78%
When
78%
But
76%
Misery
76%
these
76%
At
75%
at
75%
always
74%
'Cause
74%
petty
74%
ready
74%
tell
74%
words
74%
everywhere
73%
look
73%
Past
73%
up
73%
chance
71%
Fatefully
71%
lips
71%
shore
71%
they
71%
us,
71%
Clung
70%
lost
70%
tug
70%
Will
70%
as
69%
before
69%
felt
69%
view
69%
ways
69%
Actually
68%
back
68%
better
68%
defeat
68%
meet
68%
sky
68%
waves
68%
both
66%
comes
66%
keys
66%
once
66%
Pushed
66%
sides
66%
surrounded
66%
cliff
65%
door
65%
precipice
65%
rear
65%
shouted
65%
wanna
65%
cuts
64%
golden
64%
Missing
64%
must
64%
passed
64%
held
63%
knocked
63%
peace
63%
swing
63%
alley,
61%
Climbed
61%
comet
61%
knife
61%
Rare
61%
themselves
61%
gates
60%
live
60%
home
59%
someone
59%
bushes
58%
sword
58%
feels
56%
glimmer
56%
dropped
55%
threw
53%
nemeses
51%
passing
51%
he's
50%
No matching quizzes found
Score Distribution
Percent of People with Each Score
Percentile by Number Answered
Your Score History
You have not taken this quiz